Advanced Engineering Mathematics (Record no. 586657)

000 -LEADER
fixed length control field 00434nam a22001577a 4500
020 ## - INTERNATIONAL STANDARD BOOK NUMBER
International Standard Book Number 9788126554232
040 ## - CATALOGING SOURCE
Transcribing agency NUST
082 ## - DEWEY DECIMAL CLASSIFICATION NUMBER
Classification number 510.2462 KRE
100 ## - MAIN ENTRY--PERSONAL NAME
Personal name Kreyszig, Erwin
9 (RLIN) 572
110 ## - MAIN ENTRY--CORPORATE NAME
Corporate name or jurisdiction name as entry element Kreyszig Herbert, Norminton, Edward J
9 (RLIN) 83701
245 ## - TITLE STATEMENT
Title Advanced Engineering Mathematics
250 ## - EDITION STATEMENT
Edition statement 10th
260 ## - PUBLICATION, DISTRIBUTION, ETC.
Place of publication, distribution, etc. INDIA
Name of publisher, distributor, etc. John Wiley & Sons
Date of publication, distribution, etc. 2011
650 ## - SUBJECT ADDED ENTRY--TOPICAL TERM
Topical term or geographic name entry element Engineering Mathematics-Advanced
9 (RLIN) 83807
942 ## - ADDED ENTRY ELEMENTS (KOHA)
Source of classification or shelving scheme
Koha item type Book
Holdings
Withdrawn status Lost status Source of classification or shelving scheme Damaged status Not for loan Permanent Location Current Location Shelving location Date acquired Total Checkouts Total Renewals Full call number Barcode Checked out Date last seen Date last checked out Price effective from Koha item type Public note
          College of Electrical & Mechanical Engineering (CEME) College of Electrical & Mechanical Engineering (CEME) General Stacks 11/08/2021 2 2 510.2462 KRE CEME-46032 03/28/2026 01/22/2026 01/22/2026 11/08/2021 Book 3.6
© 2023 Central Library, National University of Sciences and Technology. All Rights Reserved.